| 000 | 00564nam a2200193Ia 4500 | ||
|---|---|---|---|
| 003 | OSt | ||
| 005 | 20250915141432.0 | ||
| 008 | 220926b |||||||| |||| 00| 0 eng d | ||
| 037 | _cReference | ||
| 040 |
_aRTL _cRTL _beng |
||
| 041 |
_2eng _aeng |
||
| 084 |
_aR M5/SC _qRTL |
||
| 100 |
_aO'Hear Anthony _9371103 |
||
| 245 | 0 | _aWhat philosophy is: An introduction to contemporary philosophy | |
| 260 |
_aHarmondsworth _bPenguin Books _c1985 |
||
| 300 |
_a316 p. _ccm. |
||
| 942 |
_hR M5/SC _cREF _2CC _n0 |
||
| 999 |
_c691342 _d691342 |
||